Normal view
MARC view
- Lapsley, Peter.
Entry Personal Name
001 - CONTROL NUMBER
- control field: 7460
003 - CONTROL NUMBER IDENTIFIER
- control field: OSt
005 - DATE AND TIME OF LATEST TRANSACTION
- control field: 20170524083537.0
008 - FIXED-LENGTH DATA ELEMENTS
- fixed length control field: 170524|| aca||aabn | a|a d
040 ## - CATALOGING SOURCE
- Original cataloging agency: OSt
- Transcribing agency: OSt
100 ## - HEADING--PERSONAL NAME
- Personal name: Lapsley, Peter.
670 ## - SOURCE DATA FOUND
- Source citation: Work cat.: (OSt): Peter Lapsley. 7458, The Complete fly fisher / |c edited by Peter Lapsley., 1990.

PORTAL AKMAL
E-MEL JKDM
AKMAL2U
G-BAM
u-PUSTAKA